[Event "DEM U12 2011"]
[Site "Oberhof GER"]
[Date "2011.06.18"]
[Round "11"]
[White "Riehle, Marco"]
[Black "Krüger, David"]
[Result "0-1"]
[Termination "normal"]
[Board "15"]
[WhiteElo "1747"]
[BlackElo "1810"]
[PlyCount "58"]
[WhiteFideId "12904392"]
[BlackFideId "12921858"]
[EventCountry "GER"]
[EventRounds "11"]
[EventType "swiss"]
[EventDate "2011.06.11"]

1. e4 e5 2. Nf3 Nc6 3. Bc4 Nf6 4. d4 exd4 5. e5 d5 6. Bb5 Nd7 7. O-O Bc5 8. Bg5
Ne7 9. Nxd4 c6 10. e6 Ne5 11. exf7+ Nxf7 12. Nxc6 bxc6 13. Bxc6+ Bd7 14. Bxa8
Qxa8 15. Re1 Nxg5 16. Qh5+ Nf7 17. Nc3 O-O 18. Rad1 Nh6 19. Rd2 a6 20. h3 Qa7
21. Kh1 Bc6 22. f3 Nhf5 23. Ne2 Be3 24. Rd3 Bb5 25. g4 Bxd3 26. gxf5 Bf2 27.
Nf4 Bxe1 28. cxd3 Bg3 29. Ne6 Qf2 0-1

[Event "DEM U12 2011"]
[Site "Oberhof GER"]
[Date "2011.06.18"]
[Round "11"]
[White "Gschnitzer, Adrian"]
[Black "Urban, Konstantin"]
[Result "1-0"]
[Termination "normal"]
[Board "17"]
[WhiteElo "1590"]
[BlackElo "1648"]
[PlyCount "57"]
[WhiteFideId "1270337"]
[BlackFideId "12927511"]
[EventCountry "GER"]
[EventRounds "11"]
[EventType "swiss"]
[EventDate "2011.06.11"]

1. e4 c5 2. Nf3 e6 3. d4 cxd4 4. Nxd4 a6 5. Bd3 Qc7 6. Be3 Nf6 7. O-O Be7 8.
Nc3 O-O 9. Kh1 d6 10. f4 b6 11. Qe2 Nbd7 12. Rae1 Bb7 13. Bd2 Rfe8 14. Rf3 Nc5
15. Rh3 h6 16. e5 Nd5 17. Qg4 Kf8 18. Bh7 dxe5 19. fxe5 Bd8 20. Ncb5 axb5 21.
Nxb5 Qc6 22. Nd6 Bc7 23. Nxe8 Rxe8 24. Rg3 g5 25. Qh5 Kg7 26. Rf1 Bxe5 27.
Rxf7+ Kh8 28. Qxh6 Nf4 29. Bd3+ 1-0

[Event "DEM U12 2011"]
[Site "Oberhof GER"]
[Date "2011.06.18"]
[Round "11"]
[White "Kitze, Alexander"]
[Black "Brandl, Lea Maria"]
[Result "1-0"]
[Termination "normal"]
[Board "18"]
[WhiteElo "1717"]
[BlackElo "1546"]
[PlyCount "49"]
[WhiteFideId "12914827"]
[BlackFideId "24693049"]
[EventCountry "GER"]
[EventRounds "11"]
[EventType "swiss"]
[EventDate "2011.06.11"]

1. e4 c5 2. Nf3 d6 3. d4 cxd4 4. Nxd4 Nf6 5. Nc3 a6 6. Bg5 e6 7. f4 Qb6 8. Qd2
Nc6 9. Nxc6 bxc6 10. Bxf6 gxf6 11. O-O-O Bd7 12. Be2 h5 13. Rhf1 O-O-O 14. Kb1
Be7 15. f5 h4 16. Rf3 c5 17. Bc4 Rdg8 18. g3 hxg3 19. hxg3 Rh3 20. Ne2 Rh2 21.
Rb3 Qc7 22. Bxa6+ Kd8 23. Rb7 Qc8 24. Qa5+ Ke8 25. Rxd7 1-0

[Event "DEM U12 2011"]
[Site "Oberhof GER"]
[Date "2011.06.18"]
[Round "11"]
[White "Spitzl, Vinzent"]
[Black "Schmekel, Florian"]
[Result "1-0"]
[Termination "normal"]
[Board "19"]
[WhiteElo "1701"]
[BlackElo "1544"]
[PlyCount "133"]
[WhiteFideId "12901253"]
[BlackFideId "12913456"]
[EventCountry "GER"]
[EventRounds "11"]
[EventType "swiss"]
[EventDate "2011.06.11"]

1. e4 c5 2. Nf3 Nc6 3. d4 cxd4 4. Nxd4 g6 5. c4 Bg7 6. Be3 Nf6 7. Nc3 O-O 8.
Be2 d6 9. O-O Bd7 10. f3 Nxd4 11. Bxd4 Bc6 12. Qd2 Nd7 13. Be3 a5 14. b3 Nc5
15. Rab1 Qb6 16. Rfc1 Rfc8 17. Bf1 Qd8 18. a3 a4 19. Bxc5 Bxc3 20. Qxc3 dxc5
21. Rd1 Qc7 22. b4 cxb4 23. Qxb4 Rd8 24. Be2 Rxd1+ 25. Rxd1 Rd8 26. Rxd8+ Qxd8
27. Qc3 Qb6+ 28. Kf1 Qb1+ 29. Kf2 Qa2 30. Ke3 Qb1 31. Kf2 Qb6+ 32. Kf1 Qc5 33.
Bd1 b5 34. Be2 Bd7 35. Qd3 Be6 36. cxb5 Qb6 37. Qc3 Bd7 38. Qb4 e6 39. Qxa4 Qc5
40. Qb4 Qc1+ 41. Kf2 Qc7 42. b6 Qb7 43. a4 Bxa4 44. Qxa4 Qxb6+ 45. Kf1 Qc7 46.
g3 Qc1+ 47. Qd1 Qg5 48. Kg2 h5 49. h4 Qf6 50. Qd2 Kg7 51. Kf2 Qe7 52. Qe3 Qb7
53. Qd4+ Kg8 54. f4 Qc6 55. Bd3 Qc1 56. Qe3 Qb2+ 57. Qe2 Qd4+ 58. Kg2 Qc5 59.
f5 exf5 60. exf5 Kg7 61. Qb2+ Kg8 62. Qc2 Qxc2+ 63. Bxc2 Kg7 64. Kf3 Kf6 65.
Kf4 Kg7 66. fxg6 fxg6 67. Kg5 1-0

[Event "DEM U12 2011"]
[Site "Oberhof GER"]
[Date "2011.06.18"]
[Round "11"]
[White "Niediek, Cedric"]
[Black "Scheinhütte, Jakob"]
[Result "1-0"]
[Termination "normal"]
[Board "20"]
[WhiteElo "1641"]
[BlackElo "1587"]
[PlyCount "75"]
[BlackFideId "24693944"]
[EventCountry "GER"]
[EventRounds "11"]
[EventType "swiss"]
[EventDate "2011.06.11"]

1. e4 e6 2. d3 d5 3. Nd2 dxe4 4. dxe4 e5 5. Ngf3 Bd6 6. c3 Nf6 7. Bc4 O-O 8.
O-O a5 9. a4 Re8 10. Qc2 b6 11. Rd1 Bb7 12. Bd3 Nbd7 13. Nf1 Nc5 14. Ng3 Nxd3
15. Qxd3 Ba6 16. Qc2 Qc8 17. Bg5 Qe6 18. Rd2 Nd7 19. Rad1 f6 20. Be3 Bc4 21.
Ra1 Nc5 22. Bxc5 Bxc5 23. Ne1 Red8 24. Nd3 Bf8 25. Nf1 Bb3 26. Qb1 Qc6 27. f3
Bxa4 28. Qa2+ Kh8 29. Qxa4 b5 30. Qd1 Qb6+ 31. Kh1 c5 32. Nc1 Rxd2 33. Qxd2 Rd8
34. Qc2 c4 35. Na2 Kg8 36. g3 Rd3 37. Nc1 Rd8 38. Ne3 1-0

[Event "DEM U12 2011"]
[Site "Oberhof GER"]
[Date "2011.06.18"]
[Round "11"]
[White "Angrick, Philipp"]
[Black "Rausch, Adrian"]
[Result "1/2-1/2"]
[Termination "normal"]
[Board "21"]
[WhiteElo "1834"]
[BlackElo "1469"]
[PlyCount "52"]
[WhiteFideId "12912298"]
[BlackFideId "12929069"]
[EventCountry "GER"]
[EventRounds "11"]
[EventType "swiss"]
[EventDate "2011.06.11"]

1. e4 c6 2. d4 d5 3. exd5 cxd5 4. Bd3 Nc6 5. c3 Nf6 6. Bf4 g6 7. Nd2 Bg7 8.
Ngf3 O-O 9. O-O Bf5 10. Nb3 Kh8 11. Nc5 b6 12. Nb3 Bxd3 13. Qxd3 Ne4 14. Nbd2
f5 15. Qe3 e5 16. Nxe5 Nxe5 17. Bxe5 Bxe5 18. dxe5 Qe7 19. Nf3 g5 20. Rad1 g4
21. Nd4 f4 22. Qe2 Qh4 23. f3 g3 24. h3 Nf2 25. Rd2 Rg8 26. e6 h5 1/2-1/2

[Event "DEM U12 2011"]
[Site "Oberhof GER"]
[Date "2011.06.18"]
[Round "11"]
[White "Schulte, Felix"]
[Black "Paulsen, Alexej"]
[Result "1-0"]
[Termination "normal"]
[Board "22"]
[WhiteElo "1573"]
[BlackElo "1559"]
[PlyCount "73"]
[WhiteFideId "12914800"]
[BlackFideId "24662372"]
[EventCountry "GER"]
[EventRounds "11"]
[EventType "swiss"]
[EventDate "2011.06.11"]

1. e4 c5 2. Nf3 Nc6 3. d4 cxd4 4. Nxd4 Nf6 5. Nc3 d6 6. Be3 e6 7. f3 Be7 8. Qd2
a6 9. O-O-O Bd7 10. Kb1 b5 11. Nxc6 Bxc6 12. Ne2 d5 13. e5 Nd7 14. Nd4 Bb7 15.
f4 Bc5 16. g4 Qc7 17. g5 Nb6 18. h4 Nc4 19. Bxc4 bxc4 20. c3 Qb6 21. Rhg1 g6
22. Nc2 O-O-O 23. Bxc5 Qxc5 24. Qd4 Qxd4 25. Nxd4 h6 26. Rh1 Kc7 27. Kc2 Bc6
28. h5 hxg5 29. hxg6 Kd7 30. gxf7 gxf4 31. Rxh8 Rxh8 32. Rf1 Bb7 33. Rxf4 Rf8
34. Rf6 Ke7 35. Nxe6 Rxf7 36. Rxf7+ Kxf7 37. Nd8+ 1-0

[Event "DEM U12 2011"]
[Site "Oberhof GER"]
[Date "2011.06.18"]
[Round "11"]
[White "Nobis, Anna"]
[Black "Wiesner, Paula"]
[Result "1/2-1/2"]
[Termination "normal"]
[Board "23"]
[WhiteElo "1572"]
[BlackElo "1792"]
[PlyCount "77"]
[WhiteFideId "1270302"]
[BlackFideId "24654019"]
[EventCountry "GER"]
[EventRounds "11"]
[EventType "swiss"]
[EventDate "2011.06.11"]

1. e4 c5 2. Nc3 Nc6 3. g3 g6 4. Bg2 Bg7 5. d3 d6 6. Be3 Nf6 7. f4 Ng4 8. Bd2
Bd4 9. Nh3 Ne3 10. Bxe3 Bxe3 11. Nf2 O-O 12. O-O Bd4 13. Rb1 f5 14. Ne2 Bg7 15.
c3 e6 16. Qc2 Bd7 17. Rbd1 Qb6 18. Nc1 Ne7 19. Rfe1 Rae8 20. Ne2 d5 21. e5 Bc6
22. d4 c4 23. Kh1 Qc7 24. Ng1 b5 25. Nf3 h6 26. Ra1 Rb8 27. Reb1 b4 28. Qd2 a5
29. Kg1 Rb6 30. Kh1 Rfb8 31. Qe1 Qb7 32. Nd2 Rb5 33. Qc1 Qb6 34. Kg1 Rb7 35.
Kh1 Kf7 36. Kg1 Kf8 37. Kh1 Qc7 38. Kg1 R5b6 39. Kh1 1/2-1/2

[Event "DEM U12 2011"]
[Site "Oberhof GER"]
[Date "2011.06.18"]
[Round "11"]
[White "Rogozenco, Teodora"]
[Black "Gheng, Christian"]
[Result "0-1"]
[Termination "normal"]
[Board "24"]
[WhiteElo "1356"]
[BlackElo "1679"]
[PlyCount "82"]
[WhiteFideId "12938084"]
[BlackFideId "24660345"]
[EventCountry "GER"]
[EventRounds "11"]
[EventType "swiss"]
[EventDate "2011.06.11"]

1. d4 d6 2. c4 g6 3. e4 Bg7 4. Nc3 e6 5. Nf3 Ne7 6. Be3 Nd7 7. Be2 b6 8. Qd2 h5
9. d5 e5 10. O-O f6 11. h4 Ng8 12. b4 a5 13. a3 Bh6 14. Rfc1 Bxe3 15. Qxe3 Nh6
16. Na4 Ng4 17. Qd2 axb4 18. axb4 O-O 19. Ne1 Kg7 20. Nc5 Nxc5 21. Rxa8 Nb3 22.
Rxc8 Qxc8 23. Qc2 Nxc1 24. Qxc1 f5 25. f3 Nf6 26. exf5 Qxf5 27. Bd3 Qf4 28.
Qxf4 exf4 29. Bf1 Ra8 30. Nd3 Ra1 31. Nxf4 Nd7 32. Ne6+ Kf7 33. Nxc7 Ne5 34.
Kf2 Rc1 35. Nb5 Ke7 36. Na3 Rc3 37. Nb5 Rc2+ 38. Ke1 Nxc4 39. Kd1 Ne3+ 40. Ke1
Nxd5 41. Nd4 Rc1+ 0-1

[Event "DEM U12 2011"]
[Site "Oberhof GER"]
[Date "2011.06.18"]
[Round "11"]
[White "Bruns, Kai-Christian"]
[Black "Rätzke von Stoyentin, Steffen"]
[Result "1/2-1/2"]
[Termination "normal"]
[Board "25"]
[WhiteElo "1645"]
[BlackElo "1728"]
[PlyCount "59"]
[WhiteFideId "12938025"]
[BlackFideId "12907502"]
[EventCountry "GER"]
[EventRounds "11"]
[EventType "swiss"]
[EventDate "2011.06.11"]

1. e4 c5 2. c3 Nf6 3. e5 Nd5 4. d4 cxd4 5. cxd4 d6 6. Bc4 e6 7. Nf3 Nc6 8. O-O
Be7 9. Re1 O-O 10. Nbd2 dxe5 11. dxe5 Nb6 12. Bb3 Qc7 13. a3 Rd8 14. Qc2 Bd7
15. Ne4 Be8 16. Bf4 h6 17. Nd6 Nc8 18. Ne4 Nb6 19. Nfd2 Qd7 20. Nd6 Nc8 21.
N2e4 Nd4 22. Qc4 Nf5 23. Red1 Qc6 24. Qb4 Qb6 25. Qxb6 Nxb6 26. Nxb7 Rd4 27. f3
Bc6 28. Na5 Bxe4 29. fxe4 Rxe4 30. Bd2 1/2-1/2

[Event "DEM U12 2011"]
[Site "Oberhof GER"]
[Date "2011.06.18"]
[Round "11"]
[White "Surguchov, Alexander"]
[Black "Schackmann, Oliver"]
[Result "1/2-1/2"]
[Termination "normal"]
[Board "26"]
[WhiteElo "1545"]
[BlackElo "1829"]
[PlyCount "51"]
[WhiteFideId "1272035"]
[BlackFideId "12905267"]
[EventCountry "GER"]
[EventRounds "11"]
[EventType "swiss"]
[EventDate "2011.06.11"]

1. e4 c5 2. Nf3 d6 3. c3 Nf6 4. Be2 Nc6 5. d3 Bd7 6. O-O e6 7. Bf4 Be7 8. Nbd2
Nh5 9. Be3 Nf6 10. Bf4 e5 11. Bg5 Ng4 12. Bxe7 Qxe7 13. h3 Nf6 14. a4 b6 15.
Nc4 O-O 16. Qd2 d5 17. exd5 Nxd5 18. Rfe1 f6 19. d4 exd4 20. cxd4 cxd4 21. Nxd4
Nxd4 22. Qxd4 Bc6 23. Bg4 Qb7 24. Be6+ Kh8 25. Nd6 Qc7 26. Nb5 1/2-1/2

[Event "DEM U12 2011"]
[Site "Oberhof GER"]
[Date "2011.06.18"]
[Round "11"]
[White "Diener, Carolin"]
[Black "Köhn, Lennart"]
[Result "1/2-1/2"]
[Termination "normal"]
[Board "27"]
[WhiteElo "1590"]
[BlackElo "1554"]
[PlyCount "52"]
[WhiteFideId "24699063"]
[BlackFideId "12938041"]
[EventCountry "GER"]
[EventRounds "11"]
[EventType "swiss"]
[EventDate "2011.06.11"]

1. e4 c5 2. Nc3 a6 3. f4 b5 4. a3 Bb7 5. d3 e6 6. g3 d5 7. Bg2 Be7 8. Nge2 Nf6
9. O-O h5 10. f5 dxe4 11. fxe6 fxe6 12. Nf4 Qd4+ 13. Kh1 Ng4 14. Bxe4 Bxe4+ 15.
Nxe4 Qd7 16. Nxh5 Nf6 17. Nxg7+ Kf7 18. Nxf6 Bxf6 19. Nh5 Qd5+ 20. Qf3 Qxf3+
21. Rxf3 Rxh5 22. g4 Re5 23. Bf4 Re2 24. Bg5 Nd7 25. Raf1 Rh8 26. h3 Rxc2
1/2-1/2

[Event "DEM U12 2011"]
[Site "Oberhof GER"]
[Date "2011.06.18"]
[Round "11"]
[White "Sadewasser, Lucie"]
[Black "Wächter, Nathalie"]
[Result "1/2-1/2"]
[Termination "normal"]
[Board "28"]
[WhiteElo "1361"]
[BlackElo "1707"]
[PlyCount "107"]
[WhiteFideId "12905445"]
[BlackFideId "12921033"]
[EventCountry "GER"]
[EventRounds "11"]
[EventType "swiss"]
[EventDate "2011.06.11"]

1. e4 e5 2. Nf3 Nc6 3. Bc4 Bc5 4. b4 Bxb4 5. c3 Be7 6. d4 Na5 7. Nxe5 Nxc4 8.
Nxc4 d5 9. exd5 Qxd5 10. Ne3 Qd8 11. O-O Nf6 12. Nd2 O-O 13. Re1 Be6 14. Qe2
Qd7 15. c4 Qxd4 16. Rb1 b6 17. Nf3 Qe4 18. Bb2 Bg4 19. Nxg4 Qxg4 20. Qxe7 Qxc4
21. Bxf6 gxf6 22. Re4 Qc6 23. Rg4+ Kh8 24. Nd4 Qd6 25. Qxd6 cxd6 26. Nf5 Rad8
27. Rd1 d5 28. Ne3 Rfe8 29. h3 Re5 30. Rd3 a5 31. Kh2 b5 32. f4 Re7 33. Rxd5
Rxd5 34. Nxd5 Re6 35. Nc7 Rc6 36. Nxb5 Rc2 37. Nd6 h5 38. Nxf7+ Kh7 39. Rg3 Rd2
40. f5 Rd7 41. Ng5+ fxg5 42. Rxg5 Kh6 43. Rg6+ Kh7 44. Ra6 Rd5 45. Kg3 Rxf5 46.
Kh4 Rb5 47. a3 Rc5 48. g4 hxg4 49. hxg4 Kg7 50. g5 Rc4+ 51. Kh5 Ra4 52. Ra7+
Kf8 53. g6 Rxa3 54. Kg4 1/2-1/2

[Event "DEM U12 2011"]
[Site "Oberhof GER"]
[Date "2011.06.18"]
[Round "11"]
[White "Bugdahl, Felix"]
[Black "Kololli, Kevin"]
[Result "0-1"]
[Termination "normal"]
[Board "29"]
[WhiteElo "1350"]
[BlackElo "1596"]
[PlyCount "50"]
[WhiteFideId "12938092"]
[BlackFideId "12936863"]
[EventCountry "GER"]
[EventRounds "11"]
[EventType "swiss"]
[EventDate "2011.06.11"]

1. e4 c6 2. d4 d5 3. exd5 cxd5 4. c4 Nf6 5. Nc3 Nc6 6. Nf3 Bg4 7. Be3 e6 8. h3
Bh5 9. g4 Bg6 10. c5 Ne4 11. Qb3 Qc7 12. Bb5 f6 13. Nh4 Bf7 14. Nxe4 dxe4 15.
Qc2 Qa5+ 16. Bd2 Qxb5 17. Qxe4 Qxb2 18. Rb1 Qxd4 19. Qf3 Qd5 20. Rxb7 Qxf3 21.
Nxf3 Rb8 22. Rc7 Rb1+ 23. Ke2 Rxh1 24. Rc8+ Kd7 25. Ra8 Rb1 0-1

[Event "DEM U12 2011"]
[Site "Oberhof GER"]
[Date "2011.06.18"]
[Round "11"]
[White "Weis, Olga"]
[Black "Peter, Anton"]
[Result "0-1"]
[Termination "normal"]
[Board "30"]
[WhiteElo "1541"]
[BlackElo "1757"]
[PlyCount "32"]
[WhiteFideId "1270234"]
[BlackFideId "12901660"]
[EventCountry "GER"]
[EventRounds "11"]
[EventType "swiss"]
[EventDate "2011.06.11"]

1. e4 c5 2. Nf3 e6 3. c4 Nc6 4. Nc3 Nf6 5. d4 cxd4 6. Nxd4 Qb6 7. Ndb5 Bc5 8.
Na4 Qa5+ 9. Bd2 Bb4 10. Nbc3 Qe5 11. Bd3 d5 12. cxd5 exd5 13. f3 dxe4 14. Nxe4
Nxe4 15. fxe4 Qd4 16. Bc2 Bg4 0-1

[Event "DEM U12 2011"]
[Site "Oberhof GER"]
[Date "2011.06.18"]
[Round "11"]
[White "Allin, Katharina"]
[Black "Kempe, Anne"]
[Result "0-1"]
[Termination "normal"]
[Board "31"]
[WhiteElo "1256"]
[BlackElo "1538"]
[PlyCount "110"]
[WhiteFideId "12903779"]
[BlackFideId "12918083"]
[EventCountry "GER"]
[EventRounds "11"]
[EventType "swiss"]
[EventDate "2011.06.11"]

1. e4 c5 2. Nf3 Nc6 3. d4 cxd4 4. Nxd4 Nf6 5. Nc3 d6 6. f3 e5 7. Nb3 Qb6 8. Qe2
a6 9. Be3 Qc7 10. g4 Be7 11. Qg2 Be6 12. h4 d5 13. exd5 Nxd5 14. Nxd5 Bxd5 15.
O-O-O Nb4 16. Kb1 Be6 17. g5 Bf5 18. Bd3 Nxd3 19. cxd3 Rd8 20. Nc1 Bc5 21. Qc2
Rc8 22. Qxc5 Qxc5 23. Bxc5 Rxc5 24. Rhe1 O-O 25. Ka1 Rfc8 26. Nb3 Rd5 27. d4
exd4 28. Rxd4 Be6 29. Rxd5 Bxd5 30. f4 Kf8 31. f5 Bxb3 32. axb3 Rc5 33. f6 gxf6
34. gxf6 Rf5 35. Re7 Rxf6 36. Rxb7 Rf4 37. Ra7 Rxh4 38. Rxa6 Rb4 39. Ka2 Kg7
40. Ra4 Rb8 41. b4 h5 42. Ra5 h4 43. Rg5+ Kh6 44. Rg4 Kh5 45. Rf4 h3 46. Rxf7
Rxb4 47. Ka3 Rh4 48. Rf2 h2 49. Rxh2 Rxh2 50. b4 Kg5 51. b5 Kf6 52. b6 Ke7 53.
Kb4 Kd6 54. Kb5 Rb2+ 55. Ka6 Kc6 0-1

[Event "DEM U12 2011"]
[Site "Oberhof GER"]
[Date "2011.06.18"]
[Round "11"]
[White "Sherif, Amina"]
[Black "Blumenthal, Clemens"]
[Result "1-0"]
[Termination "normal"]
[Board "33"]
[WhiteElo "1345"]
[BlackElo "1494"]
[PlyCount "61"]
[WhiteFideId "12911690"]
[BlackFideId "12938050"]
[EventCountry "GER"]
[EventRounds "11"]
[EventType "swiss"]
[EventDate "2011.06.11"]

1. e4 e6 2. Nc3 d5 3. Nf3 Bb4 4. a3 Bxc3 5. dxc3 dxe4 6. Qxd8+ Kxd8 7. Ng5 Ke8
8. Nxe4 Ne7 9. Bf4 Nd5 10. Bg3 c6 11. c4 Nb6 12. Nd6+ Ke7 13. O-O-O N8d7 14.
Be2 Rd8 15. Rhe1 Kf8 16. Rd3 Nf6 17. Red1 Nbd7 18. Re3 a6 19. Bf3 Nb6 20. Bh4
Rb8 21. Bg3 Ra8 22. Be2 Ne8 23. Bh5 Nxd6 24. Bxd6+ Kg8 25. b3 Nd7 26. Be5 b5
27. c5 Bb7 28. Bc7 Re8 29. Rxd7 g6 30. Bf3 Ra7 31. Bb6 1-0

[Event "DEM U12 2011"]
[Site "Oberhof GER"]
[Date "2011.06.18"]
[Round "11"]
[White "Halas, Julia"]
[Black "Kast, Larissa"]
[Result "0-1"]
[Termination "normal"]
[Board "35"]
[WhiteElo "1424"]
[BlackElo "1158"]
[PlyCount "116"]
[WhiteFideId "12931810"]
[BlackFideId "24699055"]
[EventCountry "GER"]
[EventRounds "11"]
[EventType "swiss"]
[EventDate "2011.06.11"]

1. e4 d5 2. exd5 Qxd5 3. Nc3 Qd6 4. d4 c6 5. Nf3 Bf5 6. Bd3 Qe6+ 7. Be3 h6 8.
Bxf5 Qxf5 9. d5 Nf6 10. dxc6 Nxc6 11. O-O e6 12. Qe2 Be7 13. Rad1 O-O 14. Nd4
Nxd4 15. Rxd4 Bc5 16. Rd3 Bxe3 17. Qxe3 Rad8 18. Rfd1 Ng4 19. Qg3 Rxd3 20. Rxd3
Ne5 21. Rd1 Nc4 22. Qd3 Qxd3 23. cxd3 Nxb2 24. Rd2 Rc8 25. Rxb2 Rxc3 26. Kf1
Rxd3 27. Rxb7 Ra3 28. Rb8+ Kh7 29. Rb2 Kg6 30. Ke1 Kf5 31. Kd2 Ke5 32. Kc2 Ra6
33. Kb1 Rb6 34. Rxb6 axb6 35. Kc2 Kd4 36. Kb3 Kc5 37. Kc3 Kb5 38. Kb3 e5 39.
Kc3 f5 40. h4 Kc5 41. a4 b5 42. axb5 Kxb5 43. h5 Kc5 44. Kd3 Kd5 45. f3 f4 46.
Ke2 Ke6 47. Kf2 Kf5 48. g4+ fxg3+ 49. Kxg3 Kg5 50. Kh3 Kxh5 51. Kg3 Kg5 52. Kh3
Kf4 53. Kg2 g5 54. Kf2 h5 55. Kg2 g4 56. fxg4 hxg4 57. Kf2 g3+ 58. Kf1 Kf3 0-1

[Event "DEM U12 2011"]
[Site "Oberhof GER"]
[Date "2011.06.18"]
[Round "11"]
[White "Niedwetzki, Jan Daniel"]
[Black "Klodt, Daniel"]
[Result "1-0"]
[Termination "normal"]
[Board "36"]
[WhiteElo "1120"]
[BlackElo "1390"]
[PlyCount "43"]
[WhiteFideId "12938157"]
[BlackFideId "12938068"]
[EventCountry "GER"]
[EventRounds "11"]
[EventType "swiss"]
[EventDate "2011.06.11"]

1. e4 e6 2. d4 d5 3. Nc3 Bb4 4. e5 c5 5. a3 Bxc3+ 6. bxc3 Nc6 7. Nf3 Qa5 8. Bd2
c4 9. g3 Nge7 10. Bh3 Bd7 11. O-O f6 12. Qe2 O-O-O 13. exf6 gxf6 14. Bxe6 f5
15. Bxd7+ Rxd7 16. Ne5 Nxe5 17. Qxe5 Rg8 18. Rfb1 h5 19. Qe6 h4 20. Rxb7 Kxb7
21. Qxd7+ Qc7 22. Rb1+ 1-0

[Event "DEM U12 2011"]
[Site "Oberhof GER"]
[Date "2011.06.18"]
[Round "11"]
[White "Usczeck, Alina"]
[Black "Müller, Sophie"]
[Result "1-0"]
[Termination "normal"]
[Board "37"]
[WhiteElo "1219"]
[BlackElo "1386"]
[PlyCount "65"]
[WhiteFideId "12938114"]
[BlackFideId "12926698"]
[EventCountry "GER"]
[EventRounds "11"]
[EventType "swiss"]
[EventDate "2011.06.11"]

1. e4 c6 2. c4 d5 3. exd5 cxd5 4. cxd5 Qxd5 5. Nc3 Qa5 6. Bc4 Nf6 7. Nf3 e6 8.
a3 Qc7 9. Qe2 Be7 10. d4 O-O 11. O-O Nc6 12. b4 a6 13. Rd1 b5 14. Bb3 Nxb4 15.
Qe3 Nc6 16. Rd3 Rd8 17. Bb2 Bb7 18. Rad1 h6 19. d5 exd5 20. Nxd5 Nxd5 21. Bxd5
Re8 22. Qc1 Qb6 23. Re1 Bc5 24. Rxe8+ Rxe8 25. Qc3 Bf8 26. h3 Ne7 27. Bb3 Qc6
28. Bxf7+ Kh8 29. Qxc6 Bxc6 30. Bxe8 Bxe8 31. Rd8 Kg8 32. Rxe8 Kf7 33. Ra8 1-0

[Event "DEM U12 2011"]
[Site "Oberhof GER"]
[Date "2011.06.18"]
[Round "11"]
[White "Moses, Selina"]
[Black "Speck, Jakob"]
[Result "1-0"]
[Termination "normal"]
[Board "38"]
[WhiteElo "1704"]
[BlackElo "987"]
[PlyCount "131"]
[WhiteFideId "12908070"]
[BlackFideId "12938181"]
[EventCountry "GER"]
[EventRounds "11"]
[EventType "swiss"]
[EventDate "2011.06.11"]

1. e4 c5 2. Nf3 e6 3. d4 cxd4 4. Nxd4 a6 5. Nc3 d6 6. Bd3 Nf6 7. O-O Be7 8. Kh1
Nbd7 9. f4 O-O 10. Qe2 Qc7 11. Rf3 b5 12. Rg3 Re8 13. Nf3 Bb7 14. Rh3 Rac8 15.
Nh4 h6 16. f5 e5 17. Qf3 Kh7 18. Bg5 b4 19. Bxf6 bxc3 20. Bxe7 cxb2 21. Rb1
Rxe7 22. Rxb2 Nf6 23. g4 Qc6 24. Ng2 Nxe4 25. f6 Rec7 26. Rxb7 d5 27. Rxc7 Rxc7
28. Qf5+ g6 29. Qxe5 Nf2+ 30. Kg1 Nxh3+ 31. Kf1 Rd7 32. Nf4 Nxf4 33. Qxf4 Qd6
34. Qf2 Qe6 35. h3 Rd6 36. Qh4 Qxf6+ 37. Qxf6 Rxf6+ 38. Ke2 Rb6 39. Kd2 a5 40.
a4 Rb1 41. h4 Rg1 42. Be2 Kg7 43. Kd3 Ra1 44. Kd4 Rxa4+ 45. Kxd5 Rb4 46. c4 Kf8
47. c5 Ke8 48. c6 Rb1 49. Kd6 Rc1 50. c7 a4 51. Bb5+ Kf8 52. Bxa4 f5 53. gxf5
gxf5 54. Kd7 f4 55. c8=Q+ Rxc8 56. Kxc8 Ke7 57. Bd1 Ke6 58. Kd8 Ke5 59. Ke7 Ke4
60. Kf6 f3 61. Bxf3+ Kxf3 62. Kg6 Kg4 63. h5 Kf4 64. Kxh6 Kf5 65. Kg7 Kg5 66.
h6 1-0

[Event "DEM U12 2011"]
[Site "Oberhof GER"]
[Date "2011.06.18"]
[Round "11"]
[White "Wallat, Jessica"]
[Black "Hoffmann, Christoph"]
[Result "0-1"]
[Termination "normal"]
[Board "39"]
[WhiteElo "1277"]
[BlackElo "1360"]
[PlyCount "118"]
[WhiteFideId "12909637"]
[EventCountry "GER"]
[EventRounds "11"]
[EventType "swiss"]
[EventDate "2011.06.11"]

1. f4 d5 2. Nf3 c5 3. e3 Nf6 4. Bb5+ Bd7 5. Bxd7+ Nbxd7 6. b3 e6 7. Bb2 Bd6 8.
d3 O-O 9. Nc3 Rb8 10. O-O b5 11. Ne2 Qc7 12. Qd2 c4 13. Rab1 Rfc8 14. Rfc1 Qc6
15. Nfd4 Qa6 16. Ra1 Ba3 17. Bxa3 Qxa3 18. Nc3 b4 19. Ncb5 c3 20. Qe2 Qa6 21.
a4 Qb6 22. Qf2 a6 23. a5 Qc5 24. Nxc3 Qxc3 25. Qf3 e5 26. Nf5 Kf8 27. Qg3 g6
28. Nh6 Ke7 29. Ng4 h5 30. Nxe5 Nxe5 31. fxe5 Ng4 32. h3 Qxe5 33. Qxe5+ Nxe5
34. d4 Nd7 35. Kf2 f5 36. Kf3 Nf6 37. g3 Rc3 38. Ra2 Rbc8 39. Rb2 g5 40. h4
gxh4 41. gxh4 Ng4 42. Re1 Rxc2 43. Rbb1 Ra2 44. Ra1 Rxa1 45. Rxa1 Rc3 46. Rb1
Rxe3+ 47. Kg2 Rd3 48. Rb2 Rxd4 49. Kf3 Kf6 50. Ke2 Ne5 51. Ke3 Rxh4 52. Rb1 d4+
53. Kd2 Rh2+ 54. Kd1 Rh1+ 55. Kc2 Rxb1 56. Kxb1 h4 57. Kc1 h3 58. Kd1 h2 59.
Ke2 h1=Q 0-1

[Event "DEM U12 2011"]
[Site "Oberhof GER"]
[Date "2011.06.18"]
[Round "11"]
[White "Silber, Stefanie"]
[Black "Torgashov, Katerina"]
[Result "1/2-1/2"]
[Termination "normal"]
[Board "42"]
[WhiteElo "1095"]
[BlackElo "1043"]
[PlyCount "74"]
[WhiteFideId "12918245"]
[BlackFideId "12938173"]
[EventCountry "GER"]
[EventRounds "11"]
[EventType "swiss"]
[EventDate "2011.06.11"]

1. e4 e5 2. Nf3 Nc6 3. Bc4 Nf6 4. d3 h6 5. c3 Bc5 6. b4 Bb6 7. h3 d6 8. a4 a6
9. a5 Ba7 10. Qb3 O-O 11. Be3 Bxe3 12. fxe3 Qe8 13. O-O Be6 14. Nbd2 Bxc4 15.
Nxc4 Qd7 16. Rad1 Rfe8 17. Ncd2 Rad8 18. Rfe1 Re7 19. d4 exd4 20. exd4 d5 21.
e5 Nh7 22. c4 dxc4 23. Qxc4 Nxd4 24. Kh1 Nxf3 25. Nxf3 Qe8 26. Rd5 Rxd5 27.
Qxd5 Ng5 28. Nh4 c6 29. Qc5 f6 30. Ng6 Re6 31. h4 Qxg6 32. hxg5 Qxg5 33. Qc4
Qf5 34. g4 Qf3+ 35. Kg1 Qg3+ 36. Kf1 Qf3+ 37. Kg1 Qg3+ 1/2-1/2